Statistics for Top 10 Coventry City Premier League Appearances

Click here to take the quiz!

General Stats

  • This quiz has been taken 3 times
  • The average score is 3 of 10

Answer Stats

PlayerApps% Correct
Dion Dublin145
100%
Steve Ogrizovic191
50%
Noel Whelan142
50%
Gary McAllister119
50%
Paul Telfer191
0%
Richard Shaw179
0%
Paul Williams174
0%
Peter Ndlovu154
0%
Brian Borrows147
0%
David Burrows131
0%

Score Distribution

Percentile by Number Answered

Percent of People with Each Score

Your Score History

You have not taken this quiz